Thời báo Kinh tế Sài Gòn Số 16 (1.531)

Nội dung số này trình bày: ý kiến; ghi nhận;sổ tay; đầu tư; nhật ký trực tin; tài chính chứng khoán;Quản lý nhà nước; pháp luật; văn hóa xã hội; muôn mặt thị trường; Kinh tế thế giới;..

Αποθηκεύτηκε σε:
Λεπτομέρειες βιβλιογραφικής εγγραφής
Μορφή: Βιβλίο
Γλώσσα:Vietnamese
Έκδοση: Tp. Hồ Chí Minh Saigon times group 2020
Θέματα:
Ετικέτες: Προσθήκη ετικέτας
Δεν υπάρχουν, Καταχωρήστε ετικέτα πρώτοι!
Thư viện lưu trữ: Thư viện Trường Đại học Nam Cần Thơ
LEADER 01064nam a22002177a 4500
001 NCT_127434
008 220310b xxu||||| |||| 00| 0 vie d
999 |c 6530  |d 6530 
022 |a 0868-3344 
041 0 |a vie 
082 0 4 |2 23rd ed.  |a 330  |b Th462B 
245 0 0 |a Thời báo Kinh tế Sài Gòn  |n Số 16 (1.531)  |c Sở Thương mại Thành phố Hồ Chí Minh 
260 |a Tp. Hồ Chí Minh  |b Saigon times group  |c 2020 
300 |c 29cm 
310 |a 1 tháng 4 kỳ 
362 |a 16/04/2020 
520 3 |a Nội dung số này trình bày: ý kiến; ghi nhận;sổ tay; đầu tư; nhật ký trực tin; tài chính chứng khoán;Quản lý nhà nước; pháp luật; văn hóa xã hội; muôn mặt thị trường; Kinh tế thế giới;.. 
655 |a Tạp chí 
942 |2 ddc  |c CR 
952 |0 0  |1 0  |2 ddc  |4 0  |6 330_000000000000000_TH462B  |7 0  |9 24225  |a 000001  |b 000001  |d 2022-05-18  |o 330 Th462B  |r 2022-05-18  |w 2022-05-18  |y CR 
980 |a Thư viện Trường Đại học Nam Cần Thơ